000 00236nam a2200097Ia 4500
001 792157
005 20250826170623.0
008 250824s9999 xx 000 0 und d
245 0 _a26. KİLOMETRE
_cCENGİZ ALKIŞ
260 _bELMA YAYINLARI
999 _c792157
_d792157